000 00536nam a2200217Ia 4500
003 OSt
005 20220926040559.0
006 a|||||r|||| 00| 0
007 ta
008 220923b |||||||| |||| 00| 0 eng d
037 _cGeneral Book
040 _aRTL
_cRTL
_beng
041 _2eng
_aeng
082 _aX:8K9M, K4
100 _aCarroll Phil
_9320975
245 0 _aOverhead cost control
260 _c1964
650 _aCost Accounts
942 _hX:8K9M, K4
_cGB
_2CC
999 _c665115
_d665115